Restricted-orientation convexity / (Record no. 27119)
[ view plain ]
| 000 -LEADER | |
|---|---|
| fixed length control field | 01127cam a22003375i 4500 |
| 001 - CONTROL NUMBER | |
| control field | 009729415 |
| 003 - CONTROL NUMBER IDENTIFIER | |
| control field | OSt |
| 005 - DATE AND TIME OF LATEST TRANSACTION | |
| control field | 20190212094854.0 |
| 008 - FIXED-LENGTH DATA ELEMENTS--GENERAL INFORMATION | |
| fixed length control field | 040202s2004 nyua fr 000 ||eng d |
| 015 ## - | |
| -- | GBA410666 |
| -- | bnb |
| 020 ## - INTERNATIONAL STANDARD BOOK NUMBER | |
| International Standard Book Number | 3540668152 |
| 020 ## - INTERNATIONAL STANDARD BOOK NUMBER | |
| International Standard Book Number | 9783540668152 |
| 040 ## - CATALOGING SOURCE | |
| Original cataloging agency | DLC |
| Transcribing agency | DLC |
| Modifying agency | Uk |
| Language of cataloging | eng |
| Modifying agency | EG-ScBUE |
| 082 04 - DEWEY DECIMAL CLASSIFICATION NUMBER | |
| Classification number | 516.08 |
| Edition number | 22 |
| Item number | FIN |
| 100 1# - MAIN ENTRY--PERSONAL NAME | |
| Personal name | Fink, Eugene, |
| Dates associated with a name | 1969- |
| 245 10 - TITLE STATEMENT | |
| Title | Restricted-orientation convexity / |
| Statement of responsibility, etc | Eugene Fink, Derick Wood. |
| 264 #1 - PUBLICATION, DISTRIBUTION, ETC. (IMPRINT) | |
| Place of publication, distribution, etc | New York ; |
| -- | Berlin : |
| Name of publisher, distributor, etc | Springer-Verlage Berlin Heidelberg, |
| Date of publication, distribution, etc | c.2004. |
| 300 ## - PHYSICAL DESCRIPTION | |
| Extent | x, 96 pages : |
| Other physical details | illustrations ; |
| Dimensions | 24 cm. |
| 336 ## - CONTENT TYPE | |
| Content type term | text |
| Source | rdacontent |
| 337 ## - MEDIA TYPE | |
| Media type term | unmediated |
| Source | rdamedia |
| 338 ## - CARRIER TYPE | |
| Carrier type term | volume |
| Source | rdacarrier |
| 490 1# - SERIES STATEMENT | |
| Series statement | Monographs in theoretical computer science. An EATCS Series |
| 504 ## - BIBLIOGRAPHY, ETC. NOTE | |
| Bibliography, etc | Bibliography : p.92-96. |
| 650 #7 - SUBJECT ADDED ENTRY--TOPICAL TERM | |
| Topical term or geographic name as entry element | Geometric programming. |
| Source of heading or term | BUEsh |
| 9 (RLIN) | 41981 |
| 650 #7 - SUBJECT ADDED ENTRY--TOPICAL TERM | |
| Topical term or geographic name as entry element | Convex domains. |
| Source of heading or term | BUEsh |
| 9 (RLIN) | 41980 |
| 650 #7 - SUBJECT ADDED ENTRY--TOPICAL TERM | |
| Topical term or geographic name as entry element | Geometry |
| General subdivision | Data processing. |
| Source of heading or term | BUEsh |
| 9 (RLIN) | 18704 |
| 653 ## - INDEX TERM--UNCONTROLLED | |
| Resource For college | Engineering, General |
| Arrived date list | February2019 |
| 700 1# - ADDED ENTRY--PERSONAL NAME | |
| Personal name | Wood, Derick, |
| Dates associated with a name | 1940- |
| 830 #0 - | |
| -- | Monographs in theoretical computer science |
| 942 ## - ADDED ENTRY ELEMENTS (KOHA) | |
| Source of classification or shelving scheme | Dewey Decimal Classification |
| Koha item type | Book - Borrowing |
| Withdrawn status | Lost status | Source of classification or shelving scheme | Damaged status | Not for loan | Home library | Current library | Shelving location | Date acquired | Source of acquisition | Cost, normal purchase price | Serial Enumeration / chronology | Total Checkouts | Full call number | Barcode | Date last seen | Price effective from | Koha item type |
|---|---|---|---|---|---|---|---|---|---|---|---|---|---|---|---|---|---|
| Dewey Decimal Classification | Central Library | Central Library | First floor | 11/02/2019 | Purchase | 320.00 | 66815-2 | 516.08 FIN | 000044199 | 15/07/2025 | 11/02/2019 | Book - Borrowing |